Abecedario y silabario con el mayor número de combinaciones de nuestro español.

Gespeichert in:
Bibliographische Detailangaben
1. Verfasser: De la Iglesia Serrano, Antonio. Autor, Profesor de 1ª Educación de Nº de la Sociedad Patriótica de Valladolid
Format: keine Angabe
Sprache:Spanisch
Erschienen: Burgos H.S.R.
Katalog:MANES:  Suchergebnis im Bibliothekskatalog
Schulbuchspezifische Eigenschaften:
Tags: Tag hinzufügen
Keine Tags, Fügen Sie den ersten Tag hinzu!
Hinzugefügt zu:26.04.2016
Geändert in:07.05.2025

MARC

LEADER 000000000a22000000004500
001 07547
003 OSt
005 20250507133318.0
008 160427s sp ||||| |||| 00| 0 spa d
040 |c centro_manes 
041 1 |a spa 
561 |5 es-CICE  |a España. Centro Internacional de la Cultura Escolar  |k MANES 
691 0 |a PRI 
100 1 |a De la Iglesia Serrano, Antonio. Autor, Profesor de 1ª Educación de Nº de la Sociedad Patriótica de Valladolid  |9 3887 
245 0 0 |a Abecedario y silabario con el mayor número de combinaciones de nuestro español. 
260 3 |a Burgos  |b H.S.R. 
300 |a 16 p.  |c 15 x 10 cm 
690 0 |a LEN  |a EyL 
942 |2 ddc  |c BK 
546 |a España 
999 |c 13521  |d 13521 
999 |c manes:13521  |d 13521